Statistics for Words ending in "al" quiz (2.5)

Click here to take the quiz!

General Stats

  • This quiz has been taken 9 times
  • The average score is 4 of 10

Answer Stats

HintAnswer% Correct
Tribes known for being australian.Aboriginal
100%
What language is this? I taken off my clothes and taken a dive in the nude!.Informal
75%
A completely good idea nowhere similar to others.Original
75%
All those Catholic people with those fancy caps dressed like nobelty from the medieval times.Cardinal
50%
What language is this? The Female has apparently taken off her wear and has taken a dive in the Swimming pool..Formal
50%
At the end of every vevo song title, it says (O_____ Music Video).Official
13%
A completely bad idea in every way ripping off others.Unoriginal
13%
Where you are most likely to be killed in among us.Electrical
0%
Strategic, precise and Greatly planned out.Tactical
0%
It is not presented in Formal context.Unofficial
0%

Score Distribution

Percentile by Number Answered

Percent of People with Each Score

Your Score History

You have not taken this quiz